000 00485nam a2200181Ia 4500
001 15985
005 20260306170236.0
008 260306t2014||||xx |||||||||||||| ||und||
041 _aESP
082 _a346.52
_bC22
100 _aCalderón Puertas, Carlos
_eAUT
245 0 _aDaño a la persona:
_borigen, desarrollo y vicisitudes en el derecho civil peruano
260 _c2014
300 _a358 páginas :
_c24 cm.
650 _aGEN
654 _aCDE
942 _cLIB
_dJUS
_fJUS
_2ddc
_n
999 _c15985
_d15985